|
|
|
|
| LEADER |
03255nam a22005175i 4500 |
| 001 |
978-3-319-51850-3 |
| 003 |
DE-He213 |
| 005 |
20171208213717.0 |
| 007 |
cr nn 008mamaa |
| 008 |
170424s2017 gw | s |||| 0|eng d |
| 020 |
|
|
|a 9783319518503
|9 978-3-319-51850-3
|
| 024 |
7 |
|
|a 10.1007/978-3-319-51850-3
|2 doi
|
| 040 |
|
|
|d GrThAP
|
| 050 |
|
4 |
|a HG171
|
| 072 |
|
7 |
|a KFF
|2 bicssc
|
| 072 |
|
7 |
|a HBT
|2 bicssc
|
| 072 |
|
7 |
|a BUS023000
|2 bisacsh
|
| 082 |
0 |
4 |
|a 332.09
|2 23
|
| 100 |
1 |
|
|a Morecroft, Nigel Edward.
|e author.
|
| 245 |
1 |
4 |
|a The Origins of Asset Management from 1700 to 1960
|h [electronic resource] :
|b Towering Investors /
|c by Nigel Edward Morecroft.
|
| 264 |
|
1 |
|a Cham :
|b Springer International Publishing :
|b Imprint: Palgrave Macmillan,
|c 2017.
|
| 300 |
|
|
|a XV, 343 p. 12 illus.
|b online resource.
|
| 336 |
|
|
|a text
|b txt
|2 rdacontent
|
| 337 |
|
|
|a computer
|b c
|2 rdamedia
|
| 338 |
|
|
|a online resource
|b cr
|2 rdacarrier
|
| 347 |
|
|
|a text file
|b PDF
|2 rda
|
| 490 |
1 |
|
|a Palgrave Studies in the History of Finance
|
| 505 |
0 |
|
|a Chapter 1: Introduction adn overview -- Chapter 2: Markets and insurance company investments,1700 to 1900.-Chapter 3: Philip Rose and the first investment company, 1868 to 1883.-Chapter 4: Robert Fleming and Scottish asset management, 1873 to 1890.- Chapter 5: Life office investment 1900 to 1960, and John Maynard Keynes -- Chapter 6: Keynes - flawed investor or genius? Chapter 7: George Booth, Ian Fairburn and the first trust units, 1931 to 1960 -- Chapter 8: George Ross Goobey, revolutionising pension fund investment, 1947 to 1960.- Chapter 9: Observations from the past.
|
| 520 |
|
|
|a This book explores the origins and development of the asset management profession in Britain as a distinct activity within financial services, independent of banks and stockbrokers. Specifically, it identifies the main individuals and institutions after 1868 who established the profession. The book draws a distinction between banks (short-term deposit-taking) and asset management (an investment service with longer-term objectives). It explains why some banks fail but asset management businesses generally do not. It argues that asset management has been socially useful and has had a beneficial impact on the development of securities markets by offering choices to savers as an alternative to banks, improving the efficiency of capital allocation, re-cycling excess savings productively and enabling a range of investors - from institutions to individuals - to benefit from thoughtful, long-term investing.
|
| 650 |
|
0 |
|a Finance.
|
| 650 |
|
0 |
|a Investment banking.
|
| 650 |
|
0 |
|a Securities.
|
| 650 |
|
0 |
|a Finance--History.
|
| 650 |
|
0 |
|a Capital investments.
|
| 650 |
1 |
4 |
|a Finance.
|
| 650 |
2 |
4 |
|a Financial History.
|
| 650 |
2 |
4 |
|a Investments and Securities.
|
| 650 |
2 |
4 |
|a Personal Finance/Wealth Management/Pension Planning.
|
| 650 |
2 |
4 |
|a Investment Appraisal.
|
| 710 |
2 |
|
|a SpringerLink (Online service)
|
| 773 |
0 |
|
|t Springer eBooks
|
| 776 |
0 |
8 |
|i Printed edition:
|z 9783319518497
|
| 830 |
|
0 |
|a Palgrave Studies in the History of Finance
|
| 856 |
4 |
0 |
|u http://dx.doi.org/10.1007/978-3-319-51850-3
|z Full Text via HEAL-Link
|
| 912 |
|
|
|a ZDB-2-ECF
|
| 950 |
|
|
|a Economics and Finance (Springer-41170)
|